<?xml version="1.0" encoding="UTF-8"?>
<collection xmlns="http://www.loc.gov/MARC21/slim">
 <record>
  <leader>02561nam a22002057a 4500</leader>
  <controlfield tag="001">NCT_55986</controlfield>
  <controlfield tag="008">190104b        xxu||||| |||| 00| 0 vie d</controlfield>
  <datafield tag="999" ind1=" " ind2=" ">
   <subfield code="c">2702</subfield>
   <subfield code="d">2702</subfield>
  </datafield>
  <datafield tag="020" ind1=" " ind2=" ">
   <subfield code="a">9786048946173</subfield>
   <subfield code="c">135000</subfield>
  </datafield>
  <datafield tag="082" ind1="0" ind2="4">
   <subfield code="2">23rd ed.</subfield>
   <subfield code="a">615.88</subfield>
   <subfield code="b">N312</subfield>
  </datafield>
  <datafield tag="100" ind1="1" ind2=" ">
   <subfield code="a">Lê Ninh</subfield>
   <subfield code="e">Chủ biên</subfield>
  </datafield>
  <datafield tag="245" ind1="1" ind2="0">
   <subfield code="a"> Ăn uống chữa bệnh thường gặp:</subfield>
   <subfield code="b">Tiến sĩ y học giải đáp -  Một vạn câu hỏi vì sao</subfield>
   <subfield code="c">Lê Ninh (chủ biên); Tô Thanh Cương (dịch)</subfield>
  </datafield>
  <datafield tag="260" ind1=" " ind2=" ">
   <subfield code="a">H.</subfield>
   <subfield code="b">Hồng Đức</subfield>
   <subfield code="c">2018</subfield>
  </datafield>
  <datafield tag="300" ind1=" " ind2=" ">
   <subfield code="a">328tr.</subfield>
   <subfield code="c">14cm</subfield>
  </datafield>
  <datafield tag="520" ind1="3" ind2=" ">
   <subfield code="a">Để góp phần phổ biến những kiến thức về cách phòng tránh, chữa bệnh cũng như nhiều kiến thức liên quan mật thiết đến cuộc sống của mọi người. Y học cổ truyền và y học hiện đại đều đưa ra những phương pháp hữu ích nhằm chăm sóc sức khỏe một cách tốt nhất cho tất cả mọi người. Thế nhưng, không phải ai cũng có đủ điều kiện để tiếp cận những phương pháp hữu ích ấy và kết hợp những phương pháp chữa bệnh theo cổ truyền và hiện đại như thế nào.  Với những nội dung trên, cuốn sách sẽ cung cấp những thông tin hữu ích phục vụ cho việc tìm hiểu cách sử dụng thuốc tại nhà, những vấn đề cần lưu ý khi sử dụng thuốc tây và thuốc theo y học cổ truyền theo từng trường hợp cụ thể nhất. Bên cạnh đó, cuốn sách cũng sẽ cung cấp những kiến thức về nhận biết, phòng tránh và chữa trị nhiều loại bệnh trên các khía cạnh: rèn luyện thể dục, dưỡng sinh; chữa trị bằng y học cổ truyền, theo dân gian và theo y học hiện đại; đồng thời đưa ra chế độ dinh dưỡng hợp lý để bồi bổ sức khỏe cho nhưng người chưa có bệnh cũng như đang trong quá trình điều trị.</subfield>
  </datafield>
  <datafield tag="653" ind1=" " ind2=" ">
   <subfield code="a">Dược học</subfield>
  </datafield>
  <datafield tag="700" ind1="1" ind2=" ">
   <subfield code="a">Tô Phương Cường</subfield>
   <subfield code="e">Dịch</subfield>
  </datafield>
  <datafield tag="942" ind1=" " ind2=" ">
   <subfield code="2">ddc</subfield>
   <subfield code="c">BK</subfield>
  </datafield>
  <datafield tag="952" ind1=" " ind2=" ">
   <subfield code="0">0</subfield>
   <subfield code="1">0</subfield>
   <subfield code="2">ddc</subfield>
   <subfield code="4">0</subfield>
   <subfield code="6">615_880000000000000_N312</subfield>
   <subfield code="7">0</subfield>
   <subfield code="9">14950</subfield>
   <subfield code="a">000001</subfield>
   <subfield code="b">000001</subfield>
   <subfield code="d">2019-01-04</subfield>
   <subfield code="o">615.88 N312</subfield>
   <subfield code="p">MD.14049</subfield>
   <subfield code="r">2019-01-04</subfield>
   <subfield code="v">135000.00</subfield>
   <subfield code="w">2019-01-04</subfield>
   <subfield code="y">BK</subfield>
  </datafield>
  <datafield tag="980" ind1=" " ind2=" ">
   <subfield code="a">Thư viện Trường Đại học Nam Cần Thơ</subfield>
  </datafield>
 </record>
</collection>
